Complex variables and applications (Record no. 3507)

000 -LEADER
fixed length control field 00586nam a22002297a 4500
001 - CONTROL NUMBER
control field 3507
003 - CONTROL NUMBER IDENTIFIER
control field BD-DhUET
008 - FIXED-LENGTH DATA ELEMENTS--GENERAL INFORMATION
fixed length control field 141101b xxu||||| |||| 00| 0 eng d
020 ## - INTERNATIONAL STANDARD BOOK NUMBER
International Standard Book Number 0070108552
040 ## - CATALOGING SOURCE
Transcribing agency 0
Modifying agency BD-DhUET
082 ## - DEWEY DECIMAL CLASSIFICATION NUMBER
Classification number 517.8
Item number CHU/1974
100 ## - MAIN ENTRY--PERSONAL NAME
Personal name Churchill, Ruel V.
245 ## - TITLE STATEMENT
Title Complex variables and applications
250 ## - EDITION STATEMENT
Edition statement 3rd ed.
260 ## - PUBLICATION, DISTRIBUTION, ETC. (IMPRINT)
Place of publication, distribution, etc. New York
Name of publisher, distributor, etc. McGraw-Hill
Date of publication, distribution, etc. 1974
300 ## - PHYSICAL DESCRIPTION
Extent x, 332 p.
Other physical details ill.
Dimensions 23 cm.
504 ## - BIBLIOGRAPHY, ETC. NOTE
Bibliography, etc Includes bibliographies
650 #0 - SUBJECT ADDED ENTRY--TOPICAL TERM
Topical term or geographic name as entry element Complex variables
700 ## - ADDED ENTRY--PERSONAL NAME
Personal name Brown, James W.
700 ## - ADDED ENTRY--PERSONAL NAME
Personal name Verhey, Roger F.
942 ## - ADDED ENTRY ELEMENTS (KOHA)
Koha item type General Book
Holdings
Location (home branch) Koha full call number Not for loan Date acquired Koha date last borrowed Copy number Shelving location Withdrawn status Koha renewals Lost status Koha item type Piece designation (barcode) Koha normalized classification for sorting Source of classification or shelving scheme Sublocation or collection (holding branch) Koha date last seen Damaged status Price effective from
Central Library, BUET517.8/CHU/1974 2014-11-01 1Circulation section   General Book39411517_800000000000000_CHU_1974 Central Library, BUET2014-11-01 2014-11-01
Central Library, BUET517.8/CHU/1974 2014-11-01 2Circulation section   General Book43301517_800000000000000_CHU_1974 Central Library, BUET2014-11-01 2014-11-01
Central Library, BUET517.8/CHU/1974 2014-11-01 3Circulation section   General Book45109517_800000000000000_CHU_1974 Central Library, BUET2014-11-01 2014-11-01
Central Library, BUET517.8/CHU/1974 2014-11-01 4Circulation section   General Book52889517_800000000000000_CHU_1974 Central Library, BUET2016-05-18 2014-11-01
Central Library, BUET517.8/CHU/1974 2014-11-17 5Circulation section   General Book37655517_800000000000000_CHU_1974 Central Library, BUET2016-04-02 2014-11-17
Central Library, BUET517.8/CHU/1974 2014-11-17 6Circulation section 2 General Book58032517_800000000000000_CHU_1974 Central Library, BUET2016-08-30 2014-11-17
Central Library, BUET517.8/CHU/1974 2015-05-030000-00-007Circulation section   General Book52887517_800000000000000_CHU_1974 Central Library, BUET2015-05-03 2015-05-03
Central Library, BUET517.8/CHU/1974 2015-05-03 8Circulation section   General Book37654517_800000000000000_CHU_1974 Central Library, BUET2015-05-03 2015-05-03
Central Library, BUET517.8/CHU/1974 2015-05-04 9Circulation section   General Book39412517_800000000000000_CHU_1974 Central Library, BUET2015-05-04 2015-05-04
Central Library, BUET517.8/CHU/1974 2015-05-20 10Circulation section   General Book58033517_800000000000000_CHU_1974 Central Library, BUET2015-05-20 2015-05-20
Central Library, BUET517.8/CHU/1974 2015-06-13 11Reading section   Reading Item24535517_800000000000000_CHU_1974 Central Library, BUET2015-06-13 2015-06-13
Central Library, BUET517.8/CHU/1974 2015-07-13 12Circulation section   General Book43304517_800000000000000_CHU_1974 Central Library, BUET2015-07-13 2015-07-13